[Event "3FoglarVeterans_GM_B"]
[Site "?"]
[Date "2007.??.??"]
[Round "?"]
[White "Rufenacht, Matthias (SUI)"]
[Black "Roos, Jacqueline (FRA)"]
[Result "1/2-1/2"]
[WhiteElo "2390"]
[BlackElo "2388"]
[PlyCount "70"]
[EventDate "2007.??.??"]
[EventType "corr"]
[SourceDate "2007.05.17"]

1. e4 e5 2. Nf3 Nc6 3. Bb5 a6 4. Bxc6 dxc6 5. O-O Qd6 6. Na3 Be6 7. Qe2 Ne7 8.
Nc4 Bxc4 9. Qxc4 Ng6 10. Rd1 Qb4 11. Qe2 Nf4 12. Qe1 Bd6 13. c3 Qb5 14. d4 Ne2+
15. Kh1 Nxc1 16. Raxc1 O-O 17. c4 Qxb2 18. c5 Be7 19. Rd2 Qa3 20. Nxe5 Bg5 21.
Rb1 Bxd2 22. Qxd2 b5 23. Nxc6 Rae8 24. f3 f6 25. h4 Rf7 26. Rb3 Qa4 27. Rb4 Qa3
28. h5 f5 29. e5 Rd7 30. d5 a5 31. Rxb5 Qa4 32. e6 Qh4+ 33. Kg1 h6 34. Rb8 Rxb8
35. Nxb8 Rxd5 1/2-1/2

[Event "3FoglarVeterans_GM_B"]
[Site "?"]
[Date "2007.??.??"]
[Round "?"]
[White "Lelenko, Alexej (SVK)"]
[Black "Roos, Jacqueline (FRA)"]
[Result "1/2-1/2"]
[WhiteElo "2455"]
[BlackElo "2388"]
[PlyCount "115"]
[EventDate "2007.??.??"]
[EventType "corr"]
[SourceDate "2007.05.17"]

1. e4 e5 2. Nf3 Nc6 3. Bb5 a6 4. Ba4 Nf6 5. O-O Be7 6. Re1 b5 7. Bb3 O-O 8. c3
d6 9. h3 Na5 10. Bc2 c5 11. d4 Re8 12. dxe5 dxe5 13. Nxe5 Bb7 14. Nd2 Bd6 15.
Ng4 Re6 16. a4 b4 17. e5 Nxg4 18. Qxg4 Bxe5 19. Nf3 Bxf3 20. Qxf3 bxc3 21. bxc3
Re8 22. Be4 Rb8 23. Bf4 Bxf4 24. Qxf4 h6 25. Rad1 Qf6 26. Qxf6 gxf6 27. Kf1 Nc4
28. Bd5 Nb2 29. Rxe8+ Rxe8 30. Rd2 Rb8 31. a5 c4 32. Ke2 Rb3 33. Rc2 Rb5 34.
Be4 Re5 35. Rxb2 Rxe4+ 36. Kd2 Re5 37. Rb6 Rxa5 38. Rxf6 Kg7 39. Rc6 Ra2+ 40.
Ke3 a5 41. Rxc4 a4 42. g3 Rc2 43. Rxa4 Rxc3+ 44. Kf4 Kg6 45. Kg4 h5+ 46. Kh4
Rc5 47. f3 Rf5 48. f4 f6 49. g4 hxg4 50. hxg4 Rb5 51. Rd4 Rb1 52. Rd6 Kf7 53.
Rd7+ Kg6 54. Ra7 Rh1+ 55. Kg3 Rg1+ 56. Kh3 Rf1 57. Ra4 Rd1 58. Rc4 1/2-1/2

[Event "3FoglarVeterans_GM_B"]
[Site "?"]
[Date "2007.??.??"]
[Round "?"]
[White "Kurylo, Ryszard (LTU)"]
[Black "Teichmann, Cenek (CZE)"]
[Result "1/2-1/2"]
[WhiteElo "2394"]
[BlackElo "2425"]
[PlyCount "89"]
[EventDate "2007.??.??"]
[EventType "corr"]
[SourceDate "2007.05.17"]

1. e4 c5 2. Nf3 d6 3. d4 cxd4 4. Nxd4 Nf6 5. Nc3 a6 6. Be2 e5 7. Nb3 Be7 8. O-O
O-O 9. Qd3 Nc6 10. Nd5 Nxd5 11. exd5 Nb8 12. a4 f5 13. f4 Nd7 14. a5 Bf6 15. c3
g6 16. Be3 Re8 17. fxe5 Nxe5 18. Qd2 Bd7 19. Nd4 Qc7 20. b3 Nf7 21. Bf2 Ng5 22.
Bd3 Ne4 23. Bxe4 Rxe4 24. c4 Rae8 25. Rae1 Bc8 26. Nf3 Rxe1 27. Rxe1 Rxe1+ 28.
Qxe1 Qe7 29. Qxe7 Bxe7 30. Be3 Kg7 31. Kf2 Bd7 32. Bf4 Bf8 33. h4 Be7 34. Ke2
h6 35. Kd3 Bf8 36. b4 Be7 37. Be3 Bf8 38. Kc3 Kf7 39. Kb3 Ke8 40. Bf4 Kd8 41.
Bd2 Be8 42. Nd4 Bd7 43. Be3 Bg7 44. Nf3 Ke8 45. Bf4 1/2-1/2

[Event "3FoglarVeterans_GM_B"]
[Site "?"]
[Date "2007.??.??"]
[Round "?"]
[White "Schuster, Juri (EST)"]
[Black "Lelenko, Alexej (SVK)"]
[Result "1/2-1/2"]
[WhiteElo "2440"]
[BlackElo "2455"]
[PlyCount "95"]
[EventDate "2007.??.??"]
[EventType "corr"]
[SourceDate "2007.05.17"]

1. d4 Nf6 2. c4 g6 3. Nc3 Bg7 4. e4 d6 5. h3 O-O 6. Bg5 c5 7. d5 e6 8. Bd3 exd5
9. cxd5 Re8 10. Nf3 c4 11. Bc2 b5 12. a3 Na6 13. O-O Nc5 14. Re1 Qb6 15. Qd2
Nfd7 16. Bh6 Bh8 17. h4 a5 18. h5 Ne5 19. Nxe5 Bxe5 20. Be3 Bd7 21. f4 Bg7 22.
e5 dxe5 23. Qf2 Rac8 24. f5 Qd6 25. f6 b4 26. axb4 axb4 27. Bxc5 Qxc5 28. Qxc5
Rxc5 29. Ne4 Bf8 30. Nxc5 Bxc5+ 31. Kh2 b3 32. Be4 Bd4 33. Reb1 gxh5 34. d6 h4
35. g3 h3 36. Bd5 e4 37. Bxc4 e3 38. Bxb3 Rb8 39. Ra5 Bxf6 40. Ra7 Bf5 41. Rf1
Rxb3 42. Rxf5 Rxb2+ 43. Kxh3 e2 44. Ra1 Rd2 45. Re1 Kg7 46. d7 Rxd7 47. Rxe2
Kg6 48. Rb5 1/2-1/2

[Event "3FoglarVeterans_GM_B"]
[Site "?"]
[Date "2007.??.??"]
[Round "?"]
[White "Kurylo, Ryszard (LTU)"]
[Black "Isigkeit, Hans-Jurgen (GER)"]
[Result "0-1"]
[WhiteElo "2394"]
[BlackElo "2438"]
[PlyCount "94"]
[EventDate "2007.??.??"]
[EventType "corr"]
[SourceDate "2007.05.17"]

1. Nf3 d5 2. g3 g6 3. d4 Nf6 4. Bg2 Bg7 5. O-O O-O 6. c4 c6 7. cxd5 cxd5 8. Nc3
Nc6 9. Ne5 e6 10. Bg5 h6 11. Bf4 Bd7 12. Rc1 Rc8 13. Qd2 g5 14. Nxc6 Bxc6 15.
Be5 Ne8 16. Bxg7 Kxg7 17. Rc2 Nd6 18. Rfc1 f5 19. e3 h5 20. Qe2 Rh8 21. h3 Qf6
22. a4 a6 23. a5 Qd8 24. Ra1 Be8 25. Bf1 h4 26. g4 Bg6 27. Rcc1 Rf8 28. gxf5
Bxf5 29. Bg2 Kh6 30. b3 Rf7 31. f3 Bg6 32. e4 Rfc7 33. Qe3 Rc6 34. Qd2 dxe4 35.
fxe4 Qc7 36. e5 Ne4 37. Bxe4 Bxe4 38. Ne2 Rc2 39. Qe3 Bd5 40. Rxc2 Qxc2 41. Rf1
Qe4 42. Qxe4 Bxe4 43. Rc1 Rxc1+ 44. Nxc1 Bd5 45. b4 Kg7 46. Ne2 Kg6 47. Nc3 Bc6
0-1

[Event "3FoglarVeterans_GM_B"]
[Site "?"]
[Date "2007.??.??"]
[Round "?"]
[White "Baranowski, Tadeusz (POL)"]
[Black "Lelenko, Alexej (SVK)"]
[Result "1-0"]
[WhiteElo "2488"]
[BlackElo "2455"]
[PlyCount "84"]
[EventDate "2007.??.??"]
[EventType "corr"]
[SourceDate "2007.05.17"]

1. e4 c5 2. Nf3 Nc6 3. Bb5 g6 4. O-O Bg7 5. Re1 Nf6 6. e5 Nd5 7. Nc3 Nc7 8. Bc4
O-O 9. d3 Ne6 10. h4 Ned4 11. Bf4 e6 12. Nxd4 Nxd4 13. Ne4 Bxe5 14. Bxe5 f6 15.
Bd6 Rf7 16. Bxc5 Nf5 17. Nd6 Qc7 18. Nxf5 gxf5 19. Be3 b5 20. Bxb5 Rg7 21. g3
Bb7 22. Kf1 Kh8 23. c4 Rag8 24. Ke2 a6 25. Ba4 e5 26. Qb3 Rb8 27. Qc3 Bg2 28.
Rac1 Rg4 29. Bd1 Rgg8 30. Qa3 Qc6 31. Kd2 Qe6 32. Rc3 d5 33. c5 Rge8 34. Rb3
Qe7 35. Rxb8 Rxb8 36. d4 Qe6 37. Qc3 e4 38. c6 Rc8 39. c7 Qd7 40. Bf4 Kg7 41.
Be2 Qe6 42. Qb4 Rxc7 1-0

[Event "3FoglarVeterans_GM_B"]
[Site "?"]
[Date "2007.??.??"]
[Round "?"]
[White "Baranowski, Tadeusz (POL)"]
[Black "Barreras Garcia, Alberto (VEN)"]
[Result "1/2-1/2"]
[WhiteElo "2488"]
[BlackElo "2417"]
[PlyCount "121"]
[EventDate "2007.??.??"]
[EventType "corr"]
[SourceDate "2007.05.17"]

1. e4 g6 2. Nc3 Bg7 3. Nf3 d6 4. d4 a6 5. Bc4 b5 6. Bb3 e6 7. O-O Nd7 8. a4 b4
9. Na2 a5 10. Re1 Ne7 11. Bf4 O-O 12. c3 bxc3 13. Nxc3 Ba6 14. Nb5 Rb8 15. Bc4
Nb6 16. Bf1 h6 17. Rc1 g5 18. Bg3 Bxb5 19. axb5 f5 20. h3 Qd7 21. Bd3 a4 22.
Qe2 f4 23. Bh2 Rfc8 24. Rc3 Ra8 25. Rd1 Ra7 26. Kh1 Qe8 27. g3 Qh5 28. gxf4
gxf4 29. Rg1 Kh8 30. Rg4 e5 31. dxe5 dxe5 32. Bc4 Rf8 33. Ba2 Nd7 34. Be6 Nf6
35. Rg2 c6 36. b6 Rb7 37. Qa6 Rfb8 38. Qc4 Nc8 39. Qxc6 Nxb6 40. Bf5 Qe8 41.
Qd6 Nbd7 42. Nh4 Nf8 43. Rc7 Rxc7 44. Qxc7 N6d7 45. Ng6+ Nxg6 46. Rxg6 Rxb2 47.
Qxd7 Qxd7 48. Bxd7 a3 49. Ra6 Bf8 50. Kg2 Bc5 51. Bg1 Kg7 52. Be6 Rb1 53. Ra5
Rc1 54. h4 Kg6 55. Ra6 Kh5 56. Bf7+ Kxh4 57. Rxh6+ Kg5 58. Rg6+ Kh4 59. Rc6 Rc2
60. Kf3 Kg5 61. Rg6+ 1/2-1/2

[Event "3FoglarVeterans_GM_B"]
[Site "?"]
[Date "2007.??.??"]
[Round "?"]
[White "Jandek, Stefan (CZE)"]
[Black "Schuster, Juri (EST)"]
[Result "1-0"]
[WhiteElo "2439"]
[BlackElo "2440"]
[PlyCount "123"]
[EventDate "2007.??.??"]
[EventType "corr"]
[SourceDate "2007.05.17"]

1. e4 c5 2. Nf3 Nc6 3. d4 cxd4 4. Nxd4 Nf6 5. Nc3 e5 6. Ndb5 d6 7. Bg5 a6 8.
Na3 b5 9. Bxf6 gxf6 10. Nd5 Bg7 11. Bd3 Ne7 12. Nxe7 Qxe7 13. O-O O-O 14. c4 f5
15. Qf3 Qb7 16. exf5 Qxf3 17. gxf3 bxc4 18. Be4 d5 19. Bxd5 Rb8 20. Nxc4 Bxf5
21. Rfd1 Bg6 22. b3 Kh8 23. Ne3 Rb4 24. Bc4 e4 25. Rac1 Rg8 26. Kf1 exf3 27.
Rd7 Be5 28. h3 Kg7 29. Ng4 Bb8 30. Re1 Rf8 31. Re3 h5 32. Ne5 Bf5 33. Rxf3 Bxd7
34. Nxd7 Rg8 35. Rxf7+ Kh6 36. Nf8 Rg7 37. Rf6+ Kg5 38. Rc6 Kf5 39. a3 Rbb7 40.
Rh6 h4 41. Ne6 Rge7 42. Bd3+ Ke5 43. Nd8 Rbc7 44. Nc6+ Rxc6 45. Rxc6 a5 46. Rc4
Rb7 47. b4 axb4 48. Re4+ Kd6 49. axb4 Rh7 50. Rd4+ Ke5 51. Rg4 Rh8 52. Ke2 Ba7
53. f3 Bb6 54. Rg6 Rb8 55. b5 Bd8 56. Rg8 Bc7 57. Rg5+ Ke6 58. Ke3 Bb6+ 59. Ke4
Kf6 60. Rh5 Re8+ 61. Kd5 Bf2 62. Be4 1-0

[Event "3FoglarVeterans_GM_B"]
[Site "?"]
[Date "2007.??.??"]
[Round "?"]
[White "Schuster, Juri (EST)"]
[Black "Baranowski, Tadeusz (POL)"]
[Result "1/2-1/2"]
[WhiteElo "2440"]
[BlackElo "2488"]
[PlyCount "85"]
[EventDate "2007.??.??"]
[EventType "corr"]
[SourceDate "2007.05.17"]

1. d4 Nf6 2. c4 e6 3. Nf3 b6 4. g3 Bb4+ 5. Bd2 Bxd2+ 6. Qxd2 Ba6 7. b3 d5 8.
Bg2 Ne4 9. Qe3 Nc6 10. Nc3 Nxc3 11. Qxc3 Bb7 12. O-O O-O 13. Rfd1 Qe7 14. a3
Rac8 15. b4 f6 16. Ne1 Qd7 17. Nd3 Nd8 18. c5 Bc6 19. h4 Re8 20. Nf4 Rb8 21.
Rac1 bxc5 22. Qxc5 Rb6 23. h5 Re7 24. h6 g6 25. Re1 Nb7 26. Qc2 Nd6 27. Qa2 Bb7
28. Rc5 Qe8 29. Qc2 Nb5 30. a4 Nxd4 31. Qc3 Nf5 32. a5 Rd6 33. Qxf6 Nxh6 34.
Rec1 Qf8 35. Qb2 Qf7 36. Nd3 Rd8 37. Qc2 Rc8 38. Qd2 Nf5 39. Ne5 Qf6 40. Qc3
Qg7 41. g4 Nd6 42. b5 h6 43. f4 1/2-1/2

[Event "3FoglarVeterans_GM_B"]
[Site "?"]
[Date "2007.??.??"]
[Round "?"]
[White "Roos, Jacqueline (FRA)"]
[Black "Schuster, Juri (EST)"]
[Result "1-0"]
[WhiteElo "2388"]
[BlackElo "2440"]
[PlyCount "119"]
[EventDate "2007.??.??"]
[EventType "corr"]
[SourceDate "2007.05.17"]

1. e4 c5 2. Nf3 Nc6 3. d4 cxd4 4. Nxd4 Nf6 5. Nc3 e5 6. Ndb5 d6 7. Bg5 a6 8.
Na3 b5 9. Nd5 Be7 10. Bxf6 Bxf6 11. c3 O-O 12. Nc2 Rb8 13. Be2 Bg5 14. O-O a5
15. Qd3 Ne7 16. Nce3 Bxe3 17. Nxe3 Qb6 18. Rfd1 Rd8 19. h3 Be6 20. Bg4 Bxg4 21.
hxg4 h6 22. Rd2 Qc6 23. Rad1 Rbc8 24. b3 a4 25. c4 bxc4 26. Nxc4 d5 27. Nxe5
Qc7 28. Nf3 dxe4 29. Qxe4 Rxd2 30. Rxd2 axb3 31. axb3 Ng6 32. b4 Qb8 33. Rd1
Re8 34. Qc6 Ne5 35. Nxe5 Rxe5 36. Qc4 Qe8 37. Rd4 Re1+ 38. Kh2 Qb8+ 39. f4 Qb6
40. b5 Kh7 41. Qd3+ g6 42. Qc4 Re7 43. Rd3 Qf6 44. Qd4 Qxd4 45. Rxd4 Kg7 46.
Rb4 Kf8 47. Kg3 Ke8 48. f5 Kd8 49. b6 Kc8 50. g5 hxg5 51. fxg6 fxg6 52. Rc4+
Kb8 53. Rc6 Re4 54. Rxg6 Kb7 55. Rxg5 Kxb6 56. Kf3 Re1 57. g4 Kc6 58. Rf5 Kd6
59. Kf4 Ke6 60. Kg5 1-0

[Event "3FoglarVeterans_GM_B"]
[Site "?"]
[Date "2007.??.??"]
[Round "?"]
[White "Schuster, Juri (EST)"]
[Black "Barreras Garcia, Alberto (VEN)"]
[Result "0-1"]
[WhiteElo "2440"]
[BlackElo "2417"]
[PlyCount "112"]
[EventDate "2007.??.??"]
[EventType "corr"]
[SourceDate "2007.05.17"]

1. e4 e6 2. d4 d5 3. Nc3 Bb4 4. e5 c5 5. a3 Bxc3+ 6. bxc3 Ne7 7. Qg4 Qc7 8.
Qxg7 Rg8 9. Qxh7 cxd4 10. Ne2 dxc3 11. f4 Nbc6 12. Qd3 Bd7 13. Qxc3 O-O-O 14.
h3 Ng6 15. Bd2 Kb8 16. g3 d4 17. Qc5 b6 18. Qc4 Bc8 19. Bg2 Bb7 20. Rh2 Nge7
21. g4 Nd5 22. Be4 Qe7 23. g5 Rd7 24. h4 Rc8 25. Bxd5 Rxd5 26. Qd3 Qc7 27. h5
Rxe5 28. h6 Rd5 29. h7 Rh8 30. O-O-O Ka8 31. Ng3 Ne7 32. Rf1 Bc6 33. Qc4 Qd7
34. Rff2 Bb5 35. Qb3 Ba4 36. Qd3 Bb5 37. Qf3 Bc6 38. Ne4 Qc7 39. Qb3 a6 40. Nf6
Rdd8 41. Qd3 Ka7 42. Kb1 Bb5 43. Qe4 d3 44. c3 Nf5 45. Qb4 Nd6 46. Be3 Nc4 47.
Bd4 a5 48. Qb3 Qc6 49. Ka1 Ba4 50. Qb1 Rxd4 51. cxd4 Nxa3 52. Qb2 Nc2+ 53. Kb1
Nb4 54. d5 Qb5 55. Rf3 exd5 56. f5 Qc5 0-1

[Event "3FoglarVeterans_GM_B"]
[Site "?"]
[Date "2007.??.??"]
[Round "?"]
[White "Rybak, Milan (CZE)"]
[Black "Barreras Garcia, Alberto (VEN)"]
[Result "1-0"]
[WhiteElo "2445"]
[BlackElo "2417"]
[PlyCount "71"]
[EventDate "2007.??.??"]
[EventType "corr"]
[SourceDate "2007.05.17"]

1. e4 e6 2. d4 d5 3. Nd2 c5 4. Ngf3 Nc6 5. Bb5 a6 6. Bxc6+ bxc6 7. O-O Nf6 8.
e5 Nd7 9. dxc5 Nxc5 10. Nb3 a5 11. Be3 Nd7 12. Qd4 a4 13. Nbd2 c5 14. Qg4 h5
15. Qh3 Qc7 16. Bf4 c4 17. Nd4 h4 18. Rfe1 Ra6 19. N2f3 Rb6 20. Bd2 Qb8 21. b3
cxb3 22. cxb3 axb3 23. axb3 Nc5 24. Ba5 Ra6 25. b4 Nb7 26. Qg4 h3 27. Bc7 Qa8
28. Rac1 Bd7 29. Bd6 Nxd6 30. exd6 Rxd6 31. Ne5 Rh6 32. Rc7 Qa2 33. Rec1 Qd2
34. Ndf3 Qb2 35. R7c2 Qa3 36. Ng5 1-0

[Event "3FoglarVeterans_GM_B"]
[Site "?"]
[Date "2007.??.??"]
[Round "?"]
[White "Isigkeit, Hans-Jurgen (GER)"]
[Black "Rufenacht, Matthias (SUI)"]
[Result "1/2-1/2"]
[WhiteElo "2438"]
[BlackElo "2390"]
[PlyCount "90"]
[EventDate "2007.??.??"]
[EventType "corr"]
[SourceDate "2007.05.17"]

1. d4 f5 2. Bg5 g6 3. Nc3 Bg7 4. e4 fxe4 5. Nxe4 d5 6. Nc5 b6 7. Nb3 Nh6 8. Qd2
Nf7 9. Be3 O-O 10. Nf3 Nd7 11. Be2 Nf6 12. O-O Ne4 13. Qc1 Bb7 14. c3 Qd6 15.
Nbd2 Nf6 16. h3 c5 17. Qc2 Nd7 18. Rad1 Qc6 19. c4 cxd4 20. Nxd4 Bxd4 21. Bxd4
e5 22. Bc3 d4 23. Bf3 Qc7 24. Bxb7 Qxb7 25. Bb4 Nc5 26. Rde1 a5 27. Bxc5 bxc5
28. Ne4 Qc6 29. f3 Nd6 30. Nf2 Rae8 31. Re2 Nf5 32. Rfe1 Ne3 33. Rxe3 dxe3 34.
Rxe3 Rd8 35. Qc3 a4 36. Rxe5 Qf6 37. b3 a3 38. Qe3 Rd2 39. Qxd2 Qxe5 40. Ne4
Kg7 41. Ng5 Re8 42. Ne4 Qd4+ 43. Qxd4+ cxd4 44. Kf2 Rb8 45. Nc5 Re8 1/2-1/2

[Event "3FoglarVeterans_GM_B"]
[Site "?"]
[Date "2007.??.??"]
[Round "?"]
[White "Szczepanski, Zbigniew (POL)"]
[Black "Rybak, Milan (CZE)"]
[Result "1/2-1/2"]
[WhiteElo "2471"]
[BlackElo "2445"]
[PlyCount "109"]
[EventDate "2007.??.??"]
[EventType "corr"]
[SourceDate "2007.05.17"]

1. d4 d5 2. c4 e6 3. Nf3 Nf6 4. g3 c5 5. cxd5 Nxd5 6. Bg2 cxd4 7. Nxd4 Be7 8.
O-O O-O 9. Qb3 Na6 10. Rd1 Nc5 11. Qf3 Bd7 12. e4 Nb6 13. Nc3 Qe8 14. Qe2 Rd8
15. Bf4 Nca4 16. Nxa4 Bxa4 17. b3 Bd7 18. a4 f6 19. Be3 Nc8 20. Rac1 Bd6 21.
Bh3 Kh8 22. Nb5 Bb8 23. Nc7 Bxc7 24. Rxc7 Bc6 25. Bc5 Rg8 26. Bg2 Qg6 27. e5
Rxd1+ 28. Qxd1 Bxg2 29. exf6 Qxf6 30. Kxg2 Qe5 31. Qd7 Nb6 32. Bxb6 axb6 33.
Rc4 b5 34. Qxb5 Qxb5 35. axb5 Rd8 36. b6 h6 37. Rc7 Rd3 38. h4 Rxb3 39. Rxb7 h5
40. Rb8+ Kh7 41. b7 Kg6 42. Kf1 Rb2 43. Ke1 Kh7 44. Kd1 Kg6 45. Kc1 Rb6 46. f3
Kh7 47. Kc2 g6 48. Kc3 Kg7 49. Kc4 Rb1 50. Kc5 Rb2 51. Kd6 Rd2+ 52. Kxe6 Re2+
53. Kd5 Rb2 54. Ke4 Rb4+ 55. Ke3 1/2-1/2

[Event "3FoglarVeterans_GM_B"]
[Site "?"]
[Date "2007.??.??"]
[Round "?"]
[White "Rybak, Milan (CZE)"]
[Black "Isigkeit, Hans-Jurgen (GER)"]
[Result "0-1"]
[WhiteElo "2445"]
[BlackElo "2438"]
[PlyCount "88"]
[EventDate "2007.??.??"]
[EventType "corr"]
[SourceDate "2007.05.17"]

1. e4 c5 2. c3 Nf6 3. e5 Nd5 4. d4 cxd4 5. Nf3 Nc6 6. Bc4 Nb6 7. Bb3 d5 8. exd6
Qxd6 9. O-O Be6 10. Na3 dxc3 11. Nb5 Qxd1 12. Rxd1 Rc8 13. Bxe6 fxe6 14. bxc3
Nc4 15. Ng5 e5 16. Ne6 Kf7 17. Ng5+ Kg6 18. Ne6 h6 19. Nbc7 Kf7 20. Rd3 e4 21.
Rd5 g5 22. Rf5+ Kg6 23. Rc5 N4e5 24. Be3 Bg7 25. Rd5 Ng4 26. Bd4 Bxd4 27. cxd4
b6 28. Rc1 Nd8 29. Nxd8 Rhxd8 30. Rxd8 Rxd8 31. h3 Nf6 32. Rc4 Rc8 33. Rc3 a6
34. Kf1 Ne8 35. Nd5 Rxc3 36. Nxc3 Nf6 37. Ke2 Kf5 38. Ke3 h5 39. Kd2 b5 40. a3
h4 41. Ke2 Kf4 42. Ke1 e3 43. f3 Kg3 44. Kf1 Kh2 0-1

[Event "3FoglarVeterans_GM_B"]
[Site "?"]
[Date "2007.??.??"]
[Round "?"]
[White "Rybak, Milan (CZE)"]
[Black "Schuster, Juri (EST)"]
[Result "1-0"]
[WhiteElo "2445"]
[BlackElo "2500"]
[PlyCount "91"]
[EventDate "2007.??.??"]
[EventType "corr"]
[SourceDate "2007.05.17"]

1. e4 c5 2. c3 d5 3. exd5 Qxd5 4. d4 Nf6 5. Nf3 e6 6. Bd3 cxd4 7. cxd4 Nc6 8.
O-O Be7 9. Nc3 Qd6 10. a3 O-O 11. Be3 Rd8 12. Re1 a6 13. Qe2 h6 14. Rad1 Qc7
15. Qd2 Ng4 16. Bf4 Bd6 17. Bxd6 Qxd6 18. Bb1 Nf6 19. Qc2 Qc7 20. d5 Ne7 21.
dxe6 Bxe6 22. Nd4 Bd5 23. Ne4 Qxc2 24. Nxf6+ gxf6 25. Bxc2 Kf8 26. f3 Rd7 27.
Re2 Nc6 28. Nf5 Rad8 29. Red2 h5 30. f4 Be6 31. Rxd7 Rxd7 32. Rxd7 Bxd7 33. Kf2
Na5 34. Ne3 h4 35. b4 Nc6 36. Be4 Ke7 37. Bxc6 bxc6 38. g3 hxg3+ 39. Kxg3 f5
40. Nc4 Be6 41. Ne5 Kd6 42. Nd3 f6 43. Kf2 Bf7 44. Nc5 Bc4 45. Ke3 Bf1 46. a4
1-0

[Event "3FoglarVeterans_GM_B"]
[Site "?"]
[Date "2007.??.??"]
[Round "?"]
[White "Barreras Garcia, Alberto (VEN)"]
[Black "Rufenacht, Matthias (SUI)"]
[Result "1/2-1/2"]
[WhiteElo "2417"]
[BlackElo "2390"]
[PlyCount "85"]
[EventDate "2007.??.??"]
[EventType "corr"]
[SourceDate "2007.05.17"]

1. e4 d5 2. exd5 Qxd5 3. Nc3 Qd6 4. d4 Nf6 5. Nf3 a6 6. g3 Bg4 7. h3 Bh5 8. Bg2
Nc6 9. O-O O-O-O 10. Bf4 Qd7 11. g4 Bg6 12. b4 Nxb4 13. Ne5 Qxd4 14. Qf3 Nbd5
15. Ne2 Qa7 16. Bh2 e6 17. c4 Nb4 18. Nf4 Be4 19. Qe2 Bxg2 20. Kxg2 Re8 21.
Nxf7 Rg8 22. Nxe6 Nc6 23. Rad1 Bb4 24. Bxc7 Rxe6 25. Qxe6+ Kxc7 26. g5 Nh5 27.
f4 Qc5 28. Rd7+ Kb6 29. a3 Bxa3 30. Nd6 Rb8 31. Rb1+ Bb4 32. Qf7 Nd8 33. Qxh5
Qc6+ 34. Kg3 Qxd7 35. Rxb4+ Ka5 36. Rb3 Qxd6 37. Qe2 b5 38. Rd3 Qb4 39. cxb5
axb5 40. Qe8 Qc5 41. Rxd8 Qg1+ 42. Kf3 Qf1+ 43. Kg3 1/2-1/2

[Event "3FoglarVeterans_GM_B"]
[Site "?"]
[Date "2007.??.??"]
[Round "?"]
[White "Schuster, Juri (EST)"]
[Black "Rufenacht, Matthias (SUI)"]
[Result "0-1"]
[WhiteElo "2440"]
[BlackElo "2390"]
[PlyCount "82"]
[EventDate "2007.??.??"]
[EventType "corr"]
[SourceDate "2007.05.17"]

1. e4 d5 2. exd5 Qxd5 3. Nc3 Qd6 4. d4 Nf6 5. Nf3 a6 6. Bd3 Bg4 7. h3 Bh5 8.
O-O Nbd7 9. g4 Bg6 10. Re1 c6 11. Ne2 e6 12. Bf4 Qb4 13. c4 Be7 14. g5 Nh5 15.
Bc7 Bd8 16. a3 Qe7 17. Bh2 Nb6 18. c5 Nc8 19. Be5 Bc7 20. Bxg6 hxg6 21. Qb3 Rb8
22. h4 Qd8 23. Bxc7 Qxc7 24. Qe3 Ne7 25. Qe4 Nf5 26. Ne5 O-O 27. b4 Rfd8 28.
Rad1 a5 29. Rb1 axb4 30. Rxb4 Kh7 31. Reb1 f6 32. gxf6 gxf6 33. Nc4 Rd7 34. a4
Qd8 35. Kh2 Nhg7 36. Qg4 Nh6 37. Qg2 Nhf5 38. Nb6 Rc7 39. Kh1 Nxh4 40. Qe4 Ngf5
41. Nd7 Qxd7 0-1

[Event "3FoglarVeterans_GM_B"]
[Site "?"]
[Date "2007.??.??"]
[Round "?"]
[White "Lelenko, Alexej (SVK)"]
[Black "Rufenacht, Matthias (SUI)"]
[Result "1-0"]
[WhiteElo "2455"]
[BlackElo "2390"]
[PlyCount "89"]
[EventDate "2007.??.??"]
[EventType "corr"]
[SourceDate "2007.05.17"]

1. e4 d5 2. exd5 Qxd5 3. Nc3 Qd6 4. d4 Nf6 5. Nf3 a6 6. Bd3 Bg4 7. O-O Nbd7 8.
h3 Bh5 9. Re1 e6 10. g4 Bg6 11. d5 O-O-O 12. Ng5 h6 13. Nxe6 Bxd3 14. Bf4 Qb4
15. a3 Qxb2 16. Nxd8 Bg6 17. Na4 Qb5 18. Qd4 Nc5 19. Nc6 bxc6 20. Rab1 Qxa4 21.
Rb4 Bxc2 22. Rxa4 Bxa4 23. Be5 Ne8 24. Rc1 cxd5 25. Rxc5 Bxc5 26. Qxa4 Bd6 27.
Bd4 Nf6 28. Qxa6+ Kd7 29. Qb7 Re8 30. Bxf6 gxf6 31. a4 Re1+ 32. Kg2 Ra1 33.
Qxd5 Ke7 34. Qa8 Ra2 35. a5 Bc5 36. Qc6 Bd6 37. a6 Kf8 38. Qc4 Ra3 39. Qb5 Kg7
40. h4 Be5 41. g5 hxg5 42. hxg5 Ra2 43. Qb7 Bd4 44. gxf6+ Kxf6 45. Qf3+ 1-0

[Event "3FoglarVeterans_GM_B"]
[Site "?"]
[Date "2006.??.??"]
[Round "?"]
[White "Rufenacht, Matthias (SUI)"]
[Black "Kurylo, Ryszard (LTU)"]
[Result "1-0"]
[WhiteElo "2390"]
[BlackElo "2394"]
[PlyCount "89"]
[EventDate "2007.??.??"]
[EventType "corr"]
[SourceDate "2007.05.17"]

1. e4 c6 2. d4 d5 3. e5 Bf5 4. h4 h6 5. g4 Bd7 6. Nc3 b5 7. h5 e6 8. Nf3 a6 9.
Be3 Qc7 10. a4 b4 11. Na2 c5 12. dxc5 Bxc5 13. Bxc5 Qxc5 14. Qd4 Qxd4 15. Nxd4
a5 16. Nb5 Bxb5 17. Bxb5+ Kd8 18. f4 Ne7 19. Nc1 Kc7 20. Nb3 Nbc6 21. c4 bxc3
22. bxc3 Rhg8 23. Kd2 Rac8 24. Rab1 g5 25. hxg6 Rxg6 26. Rh4 Rcg8 27. Be2 f5
28. Nc5 Nd8 29. Rh5 fxg4 30. Bd3 Nf5 31. Nxe6+ Rxe6 32. Bxf5 Rc6 33. Bd3 g3 34.
Rg1 Rg4 35. Bb5 Rcg6 36. f5 R6g5 37. Rxg5 hxg5 38. Re1 Rf4 39. e6 Rf2+ 40. Kd3
Nb7 41. e7 Nd6 42. e8=Q Nxe8 43. Bxe8 Rf3+ 44. Kd4 Rxf5 45. Re3 1-0